000
00243nam a2200109Ia 4500
008
190216s9999||||xx |||||||||||||| ||und||
100
_a
Raduga Publication
245
0
_a
Liyo Tolstoy
260
_b
Raduga Pub
650
_a
Kathakal
942
_c
BK
999
_c
26633
_d
26633